[Event "8th American Continental (w)"]
[Site "Lima PER"]
[Date "2016.02.20"]
[Round "1.1"]
[White "Besso, Guadalupe"]
[Black "Cori Tello, Deysi"]
[Result "0-1"]
[WhiteElo "1996"]
[BlackElo "2430"]
[EventDate "2016.02.20"]
[PlyCount "64"]

1.d4 Nf6 2.c4 g6 3.Nc3 Bg7 4.e4 d6 5.f4 Bg4 6.Nf3 Bxf3 7.Qxf3 Nc6 8.Qd1 e5
9.fxe5 dxe5 10.d5 Nd4 11.Bd3 O-O 12.O-O Ne8 13.Be3 c5 14.Ne2 Nd6 15.Ng3 
Qd7 16.Kh1 Rae8 17.b4 b6 18.a3 h5 19.Kg1 h4 20.Nh1 f5 21.Nf2 h3 22.Ra2 
hxg2 23.Kxg2 fxe4 24.Bxe4 Nxc4 25.Qd3 Nxe3+ 26.Qxe3 Rf4 27.h3 Ref8 28.bxc5
bxc5 29.Rc1 Bh6 30.Qe1 Rxe4 31.Nxe4 Bxc1 32.Qxc1 Qxd5 0-1

[Event "8th American Continental (w)"]
[Site "Lima PER"]
[Date "2016.02.20"]
[Round "1.2"]
[White "Arribas Robaina, Maritza"]
[Black "Zarate Oyague, Flor de Maria"]
[Result "1-0"]
[WhiteElo "2333"]
[BlackElo "1924"]
[EventDate "2016.02.20"]
[PlyCount "59"]

1.e4 c5 2.Nf3 d6 3.Bb5+ Nd7 4.O-O Nf6 5.Re1 a6 6.Bf1 g6 7.c3 Bg7 8.d4 O-O 
9.h3 e5 10.dxe5 Nxe5 11.Bg5 Qc7 12.a4 Be6 13.Nbd2 h6 14.Bh4 Nh5 15.Nxe5 
dxe5 16.Nc4 Nf4 17.Qf3 b5 18.axb5 axb5 19.Rxa8 Rxa8 20.Ne3 c4 21.Bg3 Ra2 
22.Rb1 Nd3 23.b3 Ra3 24.Nd5 Bxd5 25.exd5 Nc5 26.bxc4 bxc4 27.Bxc4 Na4 28.
d6 Qxc4 29.d7 Qc7 30.Qa8+ 1-0

[Event "8th American Continental (w)"]
[Site "Lima PER"]
[Date "2016.02.20"]
[Round "1.3"]
[White "Peng, Jackie"]
[Black "Abrahamyan, Tatev"]
[Result "0-1"]
[WhiteElo "1922"]
[BlackElo "2324"]
[EventDate "2016.02.20"]
[PlyCount "66"]

1.e4 e6 2.d4 d5 3.e5 c5 4.c3 Nc6 5.Nf3 Bd7 6.Be2 Qb6 7.O-O Nh6 8.Na3 cxd4 
9.cxd4 Bxa3 10.bxa3 Nf5 11.Be3 Na5 12.Rb1 Qc7 13.Bd2 Nc4 14.Bxc4 dxc4 15.
Bb4 Bc6 16.Nd2 Qd7 17.Qg4 h5 18.Qf4 O-O-O 19.f3 g5 20.Qxg5 Qxd4+ 21.Kh1 
Rdg8 22.Qf6 h4 23.h3 Rh6 24.Qxf7 Ng3+ 25.Kh2 Nxf1+ 26.Rxf1 Rhg6 27.Rg1 
Qxe5+ 28.Kh1 Bd5 29.Qe7 Qe2 30.Qc5+ Kb8 31.Qd6+ Ka8 32.Qh2 e5 33.Nb1 Bxf3 
0-1

[Event "8th American Continental (w)"]
[Site "Lima PER"]
[Date "2016.02.20"]
[Round "1.4"]
[White "Zuriel, Marisa"]
[Black "Caballero Quijano, Mitzy Mishell"]
[Result "1-0"]
[WhiteElo "2295"]
[BlackElo "1909"]
[EventDate "2016.02.20"]
[PlyCount "57"]

1.e4 e6 2.d4 d5 3.Nc3 Bb4 4.exd5 Qxd5 5.Qg4 Bxc3+ 6.bxc3 Ne7 7.Qxg7 Qe4+ 
8.Kd1 Rg8 9.Qe5 Nd5 10.Bd2 Qg4+ 11.Nf3 Nd7 12.Qg3 N7f6 13.Qxg4 Nxg4 14.Ke1
Bd7 15.Rg1 O-O-O 16.c4 Ne7 17.h3 Nf6 18.Bg5 Rg6 19.Bd3 Nf5 20.Bxf5 exf5 
21.Bxf6 Rxf6 22.c3 f4 23.Ne5 Bf5 24.g4 fxg3 25.Rxg3 Re6 26.Kf1 f6 27.Ng4 
h5 28.Ne3 Bd3+ 29.Kg1 1-0

[Event "8th American Continental (w)"]
[Site "Lima PER"]
[Date "2016.02.20"]
[Round "1.5"]
[White "Arias Cango, Nathaly"]
[Black "Fernandez, Maria Florencia"]
[Result "1/2-1/2"]
[WhiteElo "1888"]
[BlackElo "2264"]
[EventDate "2016.02.20"]
[PlyCount "129"]

1.e4 c5 2.Nf3 d6 3.Bc4 Nc6 4.c3 Nf6 5.d3 g6 6.h3 Bg7 7.Bb3 O-O 8.O-O b5 9.
Re1 Bb7 10.d4 Nd7 11.Be3 a5 12.a4 b4 13.Nbd2 Rb8 14.Nc4 Ba6 15.Rc1 Qc7 16.
Bf4 bxc3 17.bxc3 Rb7 18.Ne3 Rfb8 19.Bd5 e6 20.Bxc6 Qxc6 21.d5 exd5 22.Nxd5
Nb6 23.Nxb6 Rxb6 24.Nh2 Bc4 25.Ng4 Bb3 26.Qf3 Qxa4 27.Bh6 Bxh6 28.Nxh6+ 
Kg7 29.Ng4 h5 30.Qf6+ Kh7 31.Nh2 Qd7 32.Nf3 Qd8 33.Qf4 Kg7 34.e5 a4 35.c4 
Rc8 36.Ng5 Rc7 37.Ne4 dxe5 38.Qxe5+ f6 39.Qf4 Rbc6 40.Nc3 Qd4 41.Re4 Qd8 
42.Nd5 Rf7 43.Ne3 Qd6 44.Qf3 Rc8 45.Rf4 Qd2 46.Rf1 Re8 47.Qg3 Kh7 48.Nd5 
Re1 49.Rxe1 Qxe1+ 50.Kh2 Qe6 51.Qf3 Kg7 52.Re4 Qd6+ 53.Kg1 Bc2 54.Re3 Rb7 
55.Re1 Ra7 56.Nf4 a3 57.Ne6+ Kh7 58.Qc3 Bf5 59.Qxf6 Bxe6 60.Rxe6 Qd1+ 61.
Kh2 Rg7 62.Re7 Rxe7 63.Qxe7+ Kh6 64.Qf8+ Kh7 65.Qf7+ 1/2-1/2

[Event "8th American Continental (w)"]
[Site "Lima PER"]
[Date "2016.02.20"]
[Round "1.7"]
[White "Solis Chimoy, Blanca"]
[Black "Castrillon Gomez, Melissa"]
[Result "1/2-1/2"]
[WhiteElo "1869"]
[BlackElo "2215"]
[EventDate "2016.02.20"]
[PlyCount "48"]

1.d4 Nf6 2.Nf3 g6 3.Bf4 Bg7 4.e3 d6 5.h3 O-O 6.Be2 Nbd7 7.O-O Qe8 8.Nc3 c6
9.a4 e5 10.dxe5 dxe5 11.Bh2 Qe7 12.Rb1 Ne8 13.Bc4 Nd6 14.Ba2 Kh8 15.Ng5 
Nc5 16.f4 Nf5 17.Qe1 Ne6 18.Nf3 Qc5 19.fxe5 a5 20.Kh1 Nxe3 21.Bg1 Bh6 22.
Nd1 Qxc2 23.Nxe3 Qxa4 24.Ra1 Qb4 1/2-1/2

[Event "8th American Continental (w)"]
[Site "Lima PER"]
[Date "2016.02.20"]
[Round "1.8"]
[White "Chumpitaz Carbajal, Ann"]
[Black "Rodriguez Ibarra, Sofia"]
[Result "1-0"]
[WhiteElo "2209"]
[BlackElo "1794"]
[EventDate "2016.02.20"]
[PlyCount "41"]

1.e4 c5 2.Nf3 d6 3.d4 cxd4 4.Nxd4 Nf6 5.Nc3 a6 6.h3 h6 7.g4 e6 8.Bg2 Be7 
9.Be3 Qc7 10.O-O Nbd7 11.f4 Rb8 12.g5 hxg5 13.fxg5 Nh5 14.g6 Nhf6 15.gxf7+
Kxf7 16.Nxe6 Kxe6 17.Qd5+ Nxd5 18.exd5+ Ke5 19.Rae1 Bh4 20.Bh6+ Kd4 21.
Re4+ 1-0

[Event "8th American Continental (w)"]
[Site "Lima PER"]
[Date "2016.02.20"]
[Round "1.9"]
[White "Romero Dongo, Antonella"]
[Black "Franco Valencia, Angela Maria"]
[Result "0-1"]
[WhiteElo "1781"]
[BlackElo "2197"]
[EventDate "2016.02.20"]
[PlyCount "86"]

1.e4 e5 2.Nf3 Nc6 3.Bb5 a6 4.Bxc6 dxc6 5.d4 exd4 6.Qxd4 Qxd4 7.Nxd4 Bd7 8.
Nc3 O-O-O 9.Be3 Bb4 10.Ne2 Nf6 11.f3 Be6 12.a3 Ba5 13.Bd4 Bc4 14.O-O-O h5 
15.Ng3 Bb6 16.Bxb6 cxb6 17.Rxd8+ Kxd8 18.Rd1+ Kc7 19.Rd4 Be6 20.Kd1 g6 21.
Ke2 h4 22.Nf1 Nh5 23.Ke3 b5 24.Nd2 g5 25.Ne2 Nf6 26.h3 Nd7 27.f4 gxf4+ 28.
Nxf4 Ne5 29.Nxe6+ fxe6 30.Kf4 c5 31.Kxe5 cxd4 32.Nf3 Kd7 33.Kxd4 b6 34.
Ne5+ Kc7 35.Nf3 Kd6 36.e5+ Ke7 37.Ke4 a5 38.c3 Kd7 39.Ke3 Ke7 40.Ke4 Rc8 
41.Nxh4 Rc4+ 42.Kf3 Rxh4 43.Kg3 Re4 0-1

[Event "8th American Continental (w)"]
[Site "Lima PER"]
[Date "2016.02.20"]
[Round "1.10"]
[White "Martinez, Ayelen"]
[Black "Garcia Contreras, Ana"]
[Result "1-0"]
[WhiteElo "2193"]
[BlackElo "1759"]
[EventDate "2016.02.20"]
[PlyCount "53"]

1.e4 e6 2.d4 d5 3.Nc3 Nf6 4.Bg5 Bb4 5.e5 h6 6.Bd2 Bxc3 7.bxc3 Ne4 8.Qg4 
Kf8 9.h4 Nxd2 10.Kxd2 c5 11.Rh3 Nc6 12.Rg3 g6 13.Qf4 Ke8 14.Rf3 Qe7 15.Rb1
c4 16.Be2 Rh7 17.Nh3 Kd8 18.Qg3 Kc7 19.Rf6 Bd7 20.h5 gxh5 21.Bxh5 Rah8 22.
Nf4 Kc8 23.Bxf7 Qa3 24.Bxe6 Bxe6 25.Rxe6 Qa5 26.Qg4 Kc7 27.Rd6 1-0

[Event "8th American Continental (w)"]
[Site "Lima PER"]
[Date "2016.02.20"]
[Round "1.11"]
[White "Cosme Contreras, Trilce"]
[Black "Heredia Serrano, Carla"]
[Result "1-0"]
[WhiteElo "1757"]
[BlackElo "2185"]
[EventDate "2016.02.20"]
[PlyCount "103"]

1.c4 e5 2.Nc3 Nf6 3.Nf3 Nc6 4.d3 Bb4 5.Bd2 O-O 6.g3 Re8 7.e4 d6 8.Bg2 a5 
9.O-O h6 10.h3 Be6 11.Nd5 Bc5 12.Be3 Nd4 13.Bxd4 exd4 14.Nxf6+ Qxf6 15.Kh1
c6 16.Nd2 a4 17.f4 a3 18.b3 Rad8 19.e5 Qg6 20.Ne4 f5 21.exf6 gxf6 22.g4 f5
23.Ng3 Kh8 24.Qd2 d5 25.cxd5 cxd5 26.Rac1 Bd6 27.Qf2 fxg4 28.f5 Bxg3 29.
Qxd4+ Qg7 30.f6 Qf7 31.hxg4 Rg8 32.Bh3 Rg6 33.Rf3 Bb8 34.Re1 Kh7 35.g5 Qc7
36.Qf2 hxg5 37.Rxe6 Qc1+ 38.Re1 Qb2 39.Qxb2 axb2 40.Bf5 Rf8 41.Rh3+ Kg8 
42.Bxg6 Rxf6 43.Bh7+ Kg7 44.d4 Bf4 45.Bb1 Rc6 46.Rh7+ Kf8 47.Kg2 Rc1 48.
Rf1 b5 49.Rb7 Rc3 50.Rf2 Rg3+ 51.Kf1 Rd3 52.Bxd3 1-0

[Event "8th American Continental (w)"]
[Site "Lima PER"]
[Date "2016.02.20"]
[Round "1.12"]
[White "Aliaga Fernandez, Ingrid"]
[Black "Dongo Pinzon, Melanie"]
[Result "1-0"]
[WhiteElo "2173"]
[BlackElo "1741"]
[EventDate "2016.02.20"]
[PlyCount "109"]

1.e4 c5 2.Nf3 e6 3.c4 Nc6 4.Nc3 Nd4 5.Nxd4 cxd4 6.Ne2 e5 7.Ng3 Nf6 8.Be2 
g6 9.d3 Bg7 10.O-O O-O 11.f4 d6 12.Bd2 a5 13.f5 Nd7 14.Qc1 Nc5 15.Bh6 f6 
16.h4 Qe7 17.Qd2 Bd7 18.Rad1 Bxh6 19.Qxh6 Qg7 20.Qd2 b5 21.cxb5 Bxb5 22.
Rc1 Kh8 23.Rf2 Rg8 24.fxg6 Qxg6 25.Nf5 Ne6 26.h5 Qg7 27.Nxd6 Qd7 28.Nxb5 
Rg5 29.Bf1 Qxb5 30.Rxf6 Nf4 31.Rxf4 exf4 32.Qxf4 Qe5 33.Qxe5+ Rxe5 34.Rc4 
Rd8 35.Be2 Kg7 36.b3 Kf6 37.Kf2 Kg5 38.Rc7 Rf8+ 39.Kg3 Kh6 40.Rc6+ Kg7 41.
Rd6 Rg5+ 42.Bg4 Rf1 43.Rxd4 Ra1 44.Kf4 Rb5 45.Rd7+ Kf8 46.Rxh7 Rxa2 47.Be6
Rb4 48.g4 Rd2 49.Bc4 Rf2+ 50.Ke3 Rg2 51.Kf3 Rg1 52.Rf7+ Ke8 53.Ra7 Rf1+ 
54.Ke3 Rg1 55.h6 1-0

[Event "8th American Continental (w)"]
[Site "Lima PER"]
[Date "2016.02.20"]
[Round "1.13"]
[White "Bocangel Chavez, Marjoire"]
[Black "Perez Rodriguez, Jennifer"]
[Result "0-1"]
[WhiteElo "1708"]
[BlackElo "2155"]
[EventDate "2016.02.20"]
[PlyCount "118"]

1.e4 e5 2.Nf3 Nc6 3.Bc4 Nf6 4.Ng5 d5 5.exd5 b5 6.dxc6 bxc4 7.Qe2 Bd6 8.
Qxc4 O-O 9.Nc3 Rb8 10.a3 h6 11.Nge4 Be6 12.Qe2 Nxe4 13.Nxe4 f5 14.Nc3 Qe8 
15.O-O Qxc6 16.d3 Rf6 17.Rb1 g5 18.Bd2 Rbf8 19.f3 Rg6 20.Be3 a6 21.d4 Bc4 
22.Qd2 Bxf1 23.Rxf1 Qc4 24.b3 Qf7 25.dxe5 Bxe5 26.Bc5 Bd6 27.Qf2 Re8 28.
Bd4 Be5 29.Bxe5 Rxe5 30.Rd1 Rd6 31.Rxd6 cxd6 32.Qb6 Qe7 33.h3 Re1+ 34.Kf2 
Rc1 35.Ne2 Rxc2 36.Qxa6 Qe6 37.Qd3 Rb2 38.b4 Rb3 39.Qd2 Rxa3 40.f4 Ra2 41.
Qd3 Rb2 42.fxg5 hxg5 43.b5 Qe4 44.Qxe4 fxe4 45.Ke3 d5 46.Nc3 Rb3 47.Kd4 e3
48.b6 Rxb6 49.Kxe3 Rb2 50.Nxd5 Rxg2 51.Kf3 Rd2 52.Ne3 Rd4 53.Kg3 Kf7 54.
Ng2 Kg6 55.h4 g4 56.Nf4+ Kf5 57.h5 Rxf4 58.h6 Rf3+ 59.Kg2 Rh3 0-1

[Event "8th American Continental (w)"]
[Site "Lima PER"]
[Date "2016.02.20"]
[Round "1.14"]
[White "Franco Valencia, Beatriz Irene"]
[Black "Mostacero Velarde, Isabella"]
[Result "1/2-1/2"]
[WhiteElo "2153"]
[BlackElo "1705"]
[EventDate "2016.02.20"]
[PlyCount "114"]

1.d4 d5 2.c4 c6 3.Nc3 Nf6 4.e3 a6 5.Qc2 b5 6.b3 Nbd7 7.Nf3 b4 8.Na4 Ne4 9.
cxd5 cxd5 10.Qc6 Rb8 11.Bxa6 Bxa6 12.Qxa6 e6 13.Bb2 Be7 14.O-O O-O 15.Rfc1
Ra8 16.Qd3 Qa5 17.Rc6 Nd6 18.Rac1 Rfc8 19.Rxc8+ Rxc8 20.Rxc8+ Nxc8 21.Qc2 
Na7 22.Ne5 Nb8 23.Bc1 Bd6 24.Nd3 Nd7 25.Bd2 Qb5 26.g3 Nc6 27.Kg2 f6 28.
Nac5 Bxc5 29.Nxc5 Nxc5 30.Qxc5 Qxc5 31.dxc5 Kf7 32.Bc1 Na5 33.Kf3 Ke8 34.
e4 Kd7 35.Bd2 Nc6 36.Ke3 Kc7 37.f4 f5 38.exd5 exd5 39.Bc1 Kb7 40.a3 bxa3 
41.Bxa3 Ka6 42.Kd3 Kb5 43.Kc3 g6 44.Kd3 Ka5 45.Kc2 Nd4+ 46.Kc3 Nc6 47.Bc1 
Kb5 48.Be3 Ka5 49.Bc1 Kb5 50.Ba3 Ka5 51.Bc1 Kb5 52.Be3 Ka5 53.b4+ Kb5 54.
Bd2 Ka4 55.Be1 Kb5 56.Kd3 Ka4 57.Bc3 Kb5 1/2-1/2

[Event "8th American Continental (w)"]
[Site "Lima PER"]
[Date "2016.02.20"]
[Round "1.15"]
[White "Estrada Cantaro, Alexandra Fiorella"]
[Black "Eswaran, Ashritha"]
[Result "0-1"]
[WhiteElo "1635"]
[BlackElo "2149"]
[EventDate "2016.02.20"]
[PlyCount "78"]

1.e4 c5 2.Nf3 d6 3.d4 cxd4 4.Nxd4 Nf6 5.Nc3 g6 6.Bg5 Bg7 7.Bb5+ Bd7 8.Qe2 
Bxb5 9.Qxb5+ Qd7 10.O-O-O Nc6 11.Nxc6 bxc6 12.Qa4 Ng4 13.Bh4 Bxc3 14.bxc3 
f6 15.h3 Nh6 16.f4 O-O 17.g4 Nf7 18.Bg3 Qb7 19.h4 Qb5 20.Qxb5 cxb5 21.Rd3 
Rac8 22.Kd2 Rc4 23.Rb1 Rxe4 24.Rxb5 Ra4 25.Rb2 e5 26.fxe5 dxe5 27.Bf2 Rxg4
28.Bxa7 e4 29.Rh3 Ne5 30.Rb4 Nc6 31.Ra4 e3+ 32.Bxe3 Rxa4 33.h5 g5 34.Bf2 
f5 35.h6 Kf7 36.Rg3 Kg6 37.Re3 Re4 38.Rh3 Rfe8 39.Kc1 g4 0-1

[Event "8th American Continental (w)"]
[Site "Lima PER"]
[Date "2016.02.20"]
[Round "1.16"]
[White "Orozco Lopez, Lina Yomayra"]
[Black "Bohorquez Canizares, Maria"]
[Result "1-0"]
[WhiteElo "2118"]
[BlackElo "1574"]
[EventDate "2016.02.20"]
[PlyCount "43"]

1.e4 c5 2.Nf3 e6 3.d4 cxd4 4.Nxd4 a6 5.Nc3 d6 6.g3 b6 7.Bg2 Bb7 8.O-O Nf6 
9.a4 Qc7 10.Be3 Be7 11.Nb3 Nc6 12.f4 O-O 13.g4 Nd7 14.g5 g6 15.Qg4 Nb4 16.
Rac1 d5 17.f5 exf5 18.exf5 Bd6 19.Qh4 gxf5 20.Rxf5 Ne5 21.Bd4 Nbc6 22.Nxd5
1-0

[Event "8th American Continental (w)"]
[Site "Lima PER"]
[Date "2016.02.20"]
[Round "1.17"]
[White "Oncoy Custodio, Shantal Tania"]
[Black "Paredes Bustamante, Paula"]
[Result "0-1"]
[WhiteElo "1510"]
[BlackElo "2096"]
[EventDate "2016.02.20"]
[PlyCount "92"]

1.e4 c5 2.Nf3 d6 3.d4 cxd4 4.Nxd4 Nf6 5.Nc3 a6 6.f3 e5 7.Nb3 Be6 8.Be3 
Nbd7 9.Qd2 b5 10.g4 h6 11.O-O-O Be7 12.h4 Qc7 13.Be2 Rc8 14.g5 Nh5 15.gxh6
g6 16.Bd3 Nb6 17.Kb1 Nc4 18.Bxc4 Qxc4 19.Bg5 f6 20.Be3 b4 21.Ne2 a5 22.Qd3
Qc7 23.Qb5+ Bd7 24.Qd3 Be6 25.Qb5+ Kf7 26.Qd3 Bc4 27.Qd2 Bxe2 28.Qxe2 Ng3 
29.Qg2 Nxh1 30.Rxh1 a4 31.Nc1 Qc4 32.Rg1 Rcg8 33.Qd2 g5 34.hxg5 fxg5 35.
Bxg5 Rxh6 36.Bxh6 Rxg1 37.Qh2 Rg6 38.Bd2 Bf8 39.Qh7+ Rg7 40.Qh5+ Kg8 41.
Bh6 Rg2 42.Bd2 Qd4 43.Bg5 Qa7 44.Bf6 Qc7 45.Qh8+ Kf7 46.Qh7+ Bg7 0-1

[Event "8th American Continental (w)"]
[Site "Lima PER"]
[Date "2016.02.20"]
[Round "1.18"]
[White "Dominguez Barrios, Laura Lucia"]
[Black "Francia Arzapalo, Gianella"]
[Result "1-0"]
[WhiteElo "2078"]
[BlackElo "1486"]
[EventDate "2016.02.20"]
[PlyCount "174"]

1.e4 Nf6 2.d3 d6 3.g3 g6 4.Bg2 Bg7 5.f4 Nbd7 6.Nf3 e5 7.O-O O-O 8.Nc3 c6 
9.Qe1 Qc7 10.h3 Nb6 11.a4 a5 12.Nh2 Ne8 13.f5 Qe7 14.h4 f6 15.Be3 Nd7 16.
Nf3 Rf7 17.g4 Nf8 18.Ne2 d5 19.Ng3 d4 20.Bd2 Nd6 21.Bxa5 Nd7 22.Bd2 Nf8 
23.Qf2 b6 24.Rfc1 Ba6 25.Bf1 c5 26.Qe1 Rc8 27.c3 Nd7 28.c4 Rb8 29.Rcb1 
Rff8 30.b4 Rfc8 31.b5 Bb7 32.a5 Ba8 33.Rb3 bxa5 34.Rxa5 Nb6 35.Qa1 Rb7 36.
Rba3 Qd8 37.Ra6 Rcb8 38.Bh3 Qf8 39.Be1 Ndc8 40.Nd2 Bh6 41.Nb3 Rc7 42.Ra2 
Bb7 43.R6a3 Bf4 44.Rg2 g5 45.Nh5 Be3+ 46.Kf1 h6 47.Rga2 Qe7 48.Rh2 Qf8 49.
Bg2 Rh7 50.Bf3 Qd6 51.Raa2 Bf4 52.Rh1 Nd7 53.Qb2 Ndb6 54.Ba5 Qe7 55.Kg2 
Kf7 56.Rha1 Kg8 57.hxg5 Bxg5 58.Bd2 Nd7 59.Rh1 Ncb6 60.Nc1 Qf7 61.Ne2 Qe7 
62.Raa1 Rf8 63.Rh2 Rff7 64.Ng1 Nb8 65.Nh3 N8d7 66.Nxg5 hxg5 67.Rah1 Nf8 
68.Ba5 Nbd7 69.Qa3 Qd6 70.Ng3 Rxh2+ 71.Rxh2 Rh7 72.Rxh7 Nxh7 73.Ne2 Nhf8 
74.Bd2 Kg7 75.Nc1 Nb8 76.Nb3 Nfd7 77.Qa7 Bc8 78.Ba5 Kf7 79.Bc7 Qe7 80.Bxb8
Nxb8 81.Qxb8 Bd7 82.Qc7 Be8 83.Qxc5 Qxc5 84.Nxc5 Ke7 85.Kf2 Bd7 86.Nxd7 
Kxd7 87.c5 Ke8 1-0

[Event "8th American Continental (w)"]
[Site "Lima PER"]
[Date "2016.02.20"]
[Round "1.19"]
[White "Pescoran Machaca, Mariabelen"]
[Black "Fuentes Godoy, Lilia Ivonne"]
[Result "0-1"]
[WhiteElo "1299"]
[BlackElo "2062"]
[EventDate "2016.02.20"]
[PlyCount "48"]

1.Nf3 d5 2.d4 c6 3.c4 e6 4.g3 dxc4 5.Qc2 b5 6.a4 Bb7 7.Bg2 Nf6 8.e4 Nbd7 
9.O-O Be7 10.Na3 a6 11.Bf4 O-O 12.h3 Nb6 13.a5 Nbd7 14.Nd2 c5 15.dxc5 Nxc5
16.f3 Nh5 17.Kh2 Nxf4 18.gxf4 Nd3 19.Rfd1 Qc7 20.Nf1 Qxf4+ 21.Kh1 Rfd8 22.
Qd2 Qh4 23.Kg1 Bc5+ 24.Kh2 Nf2 0-1

[Event "8th American Continental (w)"]
[Site "Lima PER"]
[Date "2016.02.21"]
[Round "2.1"]
[White "Cori Tello, Deysi"]
[Black "Aliaga Fernandez, Ingrid"]
[Result "1-0"]
[WhiteElo "2430"]
[BlackElo "2173"]
[EventDate "2016.02.20"]
[PlyCount "81"]

1.d4 d5 2.c4 dxc4 3.e3 Nf6 4.Bxc4 e6 5.Nf3 c5 6.O-O a6 7.Qe2 Nc6 8.Rd1 
cxd4 9.exd4 Be7 10.Ne5 Nb4 11.Nc3 O-O 12.Bb3 Nbd5 13.Ne4 Nxe4 14.Qxe4 Qd6 
15.Nc4 Qd8 16.Ne5 Qd6 17.Nc4 Qd8 18.Ne3 Nxe3 19.Bxe3 Bd6 20.Rac1 Qe7 21.
Re1 Rb8 22.d5 f5 23.Qd4 f4 24.Bd2 e5 25.Qb6 Kh8 26.f3 Rf6 27.Rc4 Bf5 28.
Bb4 Bd3 29.Bxd6 Rxd6 30.Qc7 Qf8 31.Rc3 e4 32.fxe4 f3 33.gxf3 Rg6+ 34.Kf2 
Bb5 35.a4 Re8 36.Rg1 Qf6 37.Rxg6 Qd4+ 38.Ke1 hxg6 39.axb5 axb5 40.Qg3 Re5 
41.Qxg6 1-0

[Event "8th American Continental (w)"]
[Site "Lima PER"]
[Date "2016.02.21"]
[Round "2.2"]
[White "Perez Rodriguez, Jennifer"]
[Black "Arribas Robaina, Maritza"]
[Result "1/2-1/2"]
[WhiteElo "2155"]
[BlackElo "2333"]
[EventDate "2016.02.20"]
[PlyCount "86"]

1.d4 d5 2.Nf3 Nf6 3.c4 c6 4.cxd5 cxd5 5.Nc3 e6 6.g3 Bb4 7.Bg2 O-O 8.O-O 
Bd7 9.Bd2 Nc6 10.Rc1 a6 11.Bg5 h6 12.Bf4 Rc8 13.Nb1 Qb6 14.h3 Ne4 15.Be3 
Bd6 16.Ne5 Nxe5 17.dxe5 Bc5 18.Bxc5 Nxc5 19.Qd4 Na4 20.Qxb6 Nxb6 21.b3 Bb5
22.Nc3 Bc6 23.Rfd1 Rc7 24.e3 Rfc8 25.Ne2 Kf8 26.Rc2 Bb5 27.Rxc7 Rxc7 28.
Rc1 Rxc1+ 29.Nxc1 Ke7 30.Bf1 Bxf1 31.Kxf1 Nd7 32.Nd3 a5 33.Ke2 b6 34.Kd2 
Kd8 35.Kc3 Kc7 36.Kd4 Nb8 37.e4 Nc6+ 38.Ke3 d4+ 39.Kd2 Nb8 40.Nb2 Nc6 41.
Nd3 b5 42.a3 b4 43.a4 Kb6 1/2-1/2

[Event "8th American Continental (w)"]
[Site "Lima PER"]
[Date "2016.02.21"]
[Round "2.3"]
[White "Abrahamyan, Tatev"]
[Black "Orozco Lopez, Lina Yomayra"]
[Result "1-0"]
[WhiteElo "2324"]
[BlackElo "2118"]
[EventDate "2016.02.20"]
[PlyCount "85"]

1.e4 c5 2.Nf3 e6 3.d4 cxd4 4.Nxd4 a6 5.Nc3 Qc7 6.Bd3 Nf6 7.O-O Be7 8.Qe2 
d6 9.Kh1 Nc6 10.Nxc6 bxc6 11.f4 e5 12.f5 h5 13.Be3 Bb7 14.Rad1 h4 15.Bf2 
d5 16.h3 Nh5 17.Qg4 d4 18.Nb1 Nf6 19.Qf3 c5 20.Nd2 Bc6 21.b3 Nd7 22.c3 a5 
23.Nc4 a4 24.Rc1 axb3 25.axb3 Qb8 26.b4 Bg5 27.Rb1 dxc3 28.bxc5 Qc7 29.Bc2
O-O 30.Qxc3 Nf6 31.Nd6 Nd7 32.Bb3 Qa5 33.Qc4 Be7 34.Nxf7 Bb5 35.Qe6 Bxf1 
36.Nxe5+ Kh8 37.Ng6+ Kh7 38.Nxf8+ Nxf8 39.Qg8+ Kh6 40.Be3+ Bg5 41.Bxg5+ 
Kxg5 42.Qxg7+ Kf4 43.Rxf1+ 1-0

[Event "8th American Continental (w)"]
[Site "Lima PER"]
[Date "2016.02.21"]
[Round "2.4"]
[White "Eswaran, Ashritha"]
[Black "Zuriel, Marisa"]
[Result "1-0"]
[WhiteElo "2149"]
[BlackElo "2295"]
[EventDate "2016.02.20"]
[PlyCount "152"]

1.e4 g6 2.d4 Bg7 3.Nf3 c6 4.Nc3 d6 5.h3 Nf6 6.Bd3 O-O 7.O-O Nbd7 8.e5 dxe5
9.dxe5 Nd5 10.Nxd5 cxd5 11.Re1 Nc5 12.Bf1 Ne6 13.Be3 b6 14.Nd4 Nxd4 15.
Bxd4 e6 16.f4 f6 17.Qd2 fxe5 18.fxe5 Bd7 19.c3 Qh4 20.Bd3 Rf7 21.a4 Bh6 
22.Be3 Bxe3+ 23.Qxe3 Bc6 24.a5 bxa5 25.Rxa5 d4 26.cxd4 Rd8 27.Rf1 Re7 28.
Rf4 Qh6 29.Bc4 Qh5 30.Be2 Qh6 31.Ra1 Rf7 32.Raf1 Rdf8 33.R4f3 Qxe3+ 34.
Rxe3 Rxf1+ 35.Bxf1 Rb8 36.Bc4 Kf7 37.b3 Rd8 38.Rd3 Ke7 39.Rd2 a5 40.Kf2 
Rf8+ 41.Ke3 Rb8 42.Ra2 Ra8 43.Bd3 Bd5 44.Bc4 Bc6 45.Rc2 Bb7 46.Bb5 Kd8 47.
Kf4 Bd5 48.Ba4 h6 49.g3 Ra7 50.Ke3 Rb7 51.Kd2 Rf7 52.Rc3 g5 53.Bc6 Rf2+ 
54.Ke1 Rh2 55.Bxd5 exd5 56.g4 Rb2 57.Rc5 Rxb3 58.Rxd5+ Ke7 59.Rxa5 Rxh3 
60.Kf2 Ke6 61.Ra6+ Kd5 62.Rd6+ Ke4 63.e6 Kf4 64.e7 Rf3+ 65.Kg2 Rg3+ 66.Kh2
Re3 67.Rf6+ Kxg4 68.Rf7 Re2+ 69.Kg1 Kh3 70.d5 g4 71.d6 g3 72.d7 Re1+ 73.
Rf1 Re2 74.Rd1 Rg2+ 75.Kf1 Rf2+ 76.Ke1 Rh2 1-0

[Event "8th American Continental (w)"]
[Site "Lima PER"]
[Date "2016.02.21"]
[Round "2.5"]
[White "Paredes Bustamante, Paula"]
[Black "Rivera Banqueth, Ingris"]
[Result "1-0"]
[WhiteElo "2096"]
[BlackElo "2262"]
[EventDate "2016.02.20"]
[PlyCount "55"]

1.e4 c5 2.Nf3 d6 3.c3 Nf6 4.Bd3 Nc6 5.Bc2 e5 6.O-O Be7 7.h3 O-O 8.Re1 Qc7 
9.d3 h6 10.Nbd2 d5 11.Qe2 d4 12.Nf1 Be6 13.g4 dxc3 14.bxc3 c4 15.d4 exd4 
16.Nxd4 Nxd4 17.cxd4 Bb4 18.Rd1 Rfe8 19.Rb1 Ba5 20.Qf3 Nh7 21.d5 Bd7 22.
Qg3 b5 23.Bf4 Qc8 24.e5 Nf8 25.g5 hxg5 26.Bxg5 Bc7 27.Bf6 g6 28.Qh4 1-0

[Event "8th American Continental (w)"]
[Site "Lima PER"]
[Date "2016.02.21"]
[Round "2.6"]
[White "Dominguez Barrios, Laura Lucia"]
[Black "Chumpitaz Carbajal, Ann"]
[Result "1-0"]
[WhiteElo "2078"]
[BlackElo "2209"]
[EventDate "2016.02.20"]
[PlyCount "125"]

1.e4 c5 2.Nf3 g6 3.d4 cxd4 4.Nxd4 Bg7 5.Nc3 Nc6 6.Be3 Nf6 7.Bc4 O-O 8.Bb3 
d6 9.f3 Bd7 10.h4 Ne5 11.Qd2 Rb8 12.Bh6 b5 13.h5 Nxh5 14.Bxg7 Kxg7 15.g4 
Nxf3+ 16.Nxf3 Bxg4 17.Qg2 Nf6 18.O-O-O Qb6 19.Rde1 h5 20.Rhf1 Bxf3 21.Rxf3
a5 22.a4 bxa4 23.Nxa4 Qd4 24.Kb1 Rb5 25.Rd3 Qe5 26.Rde3 Rb4 27.Nc3 Rfb8 
28.Kc1 Ra8 29.Nd5 Ng4 30.Rf3 Rb7 31.Ne3 Nf6 32.Nc4 Qd4 33.c3 Qc5 34.Ba2 a4
35.Na3 Rab8 36.Nc4 Qc8 37.Qd2 Rc7 38.Qd4 Qg4 39.Rfe3 h4 40.Rf1 Rd7 41.Nd2 
h3 42.Ref3 Rf8 43.Rg1 Qh5 44.Qxa4 h2 45.Rh1 Rdd8 46.Qd4 Rh8 47.Rf2 Qa5 48.
Bb3 e5 49.Qc4 Rhf8 50.Rfxh2 Rc8 51.Qd3 Qc5 52.Nc4 Rfd8 53.Ne3 Rb8 54.Bc4 
Rdc8 55.Rh3 Ra8 56.Kc2 Ra4 57.b4 Qc7 58.Rg1 Ng8 59.Nf5+ Kf8 60.Qxd6+ Qxd6 
61.Nxd6 Rc7 62.Rf3 Raa7 63.Nb5 1-0

[Event "8th American Continental (w)"]
[Site "Lima PER"]
[Date "2016.02.21"]
[Round "2.8"]
[White "Fuentes Godoy, Lilia Ivonne"]
[Black "Martinez, Ayelen"]
[Result "0-1"]
[WhiteElo "2062"]
[BlackElo "2193"]
[EventDate "2016.02.20"]
[PlyCount "76"]

1.d4 Nf6 2.c4 e6 3.Nf3 c5 4.d5 exd5 5.cxd5 d6 6.Nc3 g6 7.h3 Bg7 8.e4 O-O 
9.Bd3 b5 10.Nxb5 Nxe4 11.Bxe4 Re8 12.Nd2 f5 13.O-O fxe4 14.Re1 Ba6 15.Nc3 
e3 16.fxe3 Nd7 17.Nf3 Ne5 18.Nxe5 Bxe5 19.Qg4 Rb8 20.a3 Rb7 21.Ne4 Rf8 22.
Ng5 Qf6 23.Qe6+ Qxe6 24.Nxe6 Rf6 25.e4 Bxb2 26.Ra2 Bc3 27.Rd1 Rb1 28.Rc2 
Be5 29.Kh1 Bb5 30.Rg1 Bd3 31.Rd2 Bxe4 32.Ng5 Bf5 33.g4 Bd7 34.Ne4 Rf3 35.
Kg2 Re3 36.Rf2 Rxe4 37.Rgf1 Bg7 38.Rf7 Rxc1 0-1

[Event "8th American Continental (w)"]
[Site "Lima PER"]
[Date "2016.02.21"]
[Round "2.9"]
[White "Fernandez, Maria Florencia"]
[Black "Solis Chimoy, Blanca"]
[Result "1-0"]
[WhiteElo "2264"]
[BlackElo "1869"]
[EventDate "2016.02.20"]
[PlyCount "58"]

1.d4 Nf6 2.c4 g6 3.Nc3 Bg7 4.e4 d6 5.h3 O-O 6.Bg5 h6 7.Be3 c6 8.Qd2 Kh7 9.
g4 Rh8 10.O-O-O Qa5 11.f3 a6 12.h4 h5 13.g5 Ne8 14.f4 b5 15.Kb1 e6 16.Nf3 
bxc4 17.Bxc4 d5 18.Bb3 Nd6 19.Ne5 Bb7 20.Rhe1 Rd8 21.f5 Nd7 22.Nxf7 Nxf7 
23.fxe6 Nfe5 24.Qe2 dxe4 25.dxe5 Nxe5 26.Nxe4 Ng4 27.Bc5 Rxd1+ 28.Rxd1 Rd8
29.e7 Ra8 1-0

[Event "8th American Continental (w)"]
[Site "Lima PER"]
[Date "2016.02.21"]
[Round "2.10"]
[White "Castrillon Gomez, Melissa"]
[Black "Franco Valencia, Beatriz Irene"]
[Result "1/2-1/2"]
[WhiteElo "2215"]
[BlackElo "2153"]
[EventDate "2016.02.20"]
[PlyCount "55"]

1.e4 g6 2.d4 Bg7 3.Nf3 c6 4.c4 d5 5.cxd5 cxd5 6.e5 Nc6 7.Bb5 Nh6 8.Bxc6+ 
bxc6 9.O-O Bg4 10.Nbd2 O-O 11.h3 Bxf3 12.Nxf3 f6 13.e6 Nf5 14.b3 Qc8 15.
Qe2 Nd6 16.Ba3 Ne4 17.Bxe7 Re8 18.Ba3 Rxe6 19.Qc2 Qa6 20.Bb2 Rae8 21.Rfd1 
Bh6 22.Bc1 Bf8 23.Be3 Bd6 24.Rac1 Ba3 25.Rb1 Qa5 26.Rd3 Bb4 27.Rc1 Qb6 28.
Qb2 1/2-1/2